Top 30 : Melanie Martinez - Statistiques

Statistiques générales
  • Ce quiz a été pris 56 fois
  • Le résultat moyen est 19 sur 30
Statistiques - réponses
Top Titres % Correct
3 Dollhouse
95%
1 Play Date
90%
12 Cry Baby
85%
5 Soap
85%
7 Teacher's Pet
82%
9 Tag, You're It
79%
27 Teddy Bear
74%
15 Carousel
72%
2 Pacify Her
72%
17 Class Fight
69%
8 Cake
67%
24 DEATH
67%
19 Alphabet Boy
64%
6 Mad Hatter
64%
30 Orange Juice
64%
4 Pity Party
64%
13 Sippy Cup
64%
21 VOID
64%
23 Milk and Cookies
62%
10 Training Wheels
62%
22 EVIL
54%
18 Lunchbox Friends
54%
11 Mrs. Potato Head
54%
16 Show & Tell
51%
29 Strawberry Shortcake
51%
20 Nurse's Office
49%
28 Wheels on the Bus
49%
14 High School Sweethearts
46%
26 The Principal
46%
25 Detention
44%
Aucun quiz correspondant
Distribution des résultats
% des personnes avec chaque résultat
Percentile par nombre de réponses
Votre historique - résultats
Vous n’avez pas pris ce quiz